000 00521nam a2200169 i 4500
001 62517
003 ES-MaACL
005 20230906164701.0
007 t|
008 031121s1956 sp ||||1| spa d
100 1 _aFernández Álvarez, Manuel,
_d1921-2010
_949458
245 1 0 _aViajes de un historiador
_b: (ensayos) /
_cManuel Fernández Alvarez.
260 _aMadrid :
_b[s.n.,
_c1956] (
_fBolaños y Aguilar)
300 _a180 p. ;
_c21 cm.
852 _aES-MaACL
_jC-11785
_bR.38985
999 _c62517
_d62517